000 01588nam a2200325 i 4500
001 768714001
003 CO-MdFUSB
005 20220623062551.0
008 200506t2005 ck ||||| |||| 00| 0 spa d
020 _a9587092570
040 _aCO-MdFUSB
_bspa
_cCO-MdFUSB
_dCO-MdFUSBC
_erda
041 _aspa
082 _223
_a158.1
_bAN578
245 1 3 _aY ¿de quién es la culpa?
_b: anécdotas, parábolas, fabulas y reflexiones sobre motivación.
_c/ Compiladores: Jaime Lopera Gutiérrez , Marta Inés Bernal Trujillo
264 1 _aBogotá, Colombia :
_bIntermedio,
_c[2005]
264 4 _c©2005
300 _a334 páginas
_c; 23 cm
336 _2rdacontent
_atexto
_btxt
337 _2rdamedia
_asin mediación
_bn
338 _2rdacarrier
_avolumen
_bnc
505 _aLa taza de té - El caso del ingeniero temporal - Cuatro ideales para la vida - El trebol de la vida diaria - El significado del trabajo - Un simple trabajador - El costo de la desmotivación - La motivación y el desempeño - El agua sucia de la pecera - Estudios sobre motivación - Precisando el concepto de motivación - ¿Por que trabaja la gente? - La carrera laboral - Las anclas de carrera - Gages de la vocación - ¿Trabajamos por dinero? - El ancla de servicio - Trabajar a plenitud - Hago bien lo que me gusta - entre otros...
563 _aTapa dura
650 0 _92014
_aLiderazgo
653 _aMotivación
653 _aSuperación personal.
700 _93516
_aBernal Trujillo, Marta Inés
_ecompilador
700 _aLopera Gutiérrez, Jaime,
_ecompilador
_95134
942 _cBK
945 _aDani
999 _c65841
_d65841